000 01448nam a2200265 4500
001 0000000498
005 20250329165433.0
008 170718s2017 000 0 eng d
040 _aCO-CtgCURN
_bspa
_ccoctgcurn
082 0 _aENF 2017
_bC961
100 1 _aCuadro B, Diana.
245 1 0 _aCreencias y habitos alimenticios de los estudiantes del programa de enfermeria de la corporacion universitaria rafael nuñez cartagena 2016 /
_cDiana Del Carmen Cuadro Berdugo; Jaidith Mercedes Jimenez Perez; Deidis Rocio Rivas Barrios; Asesoras: Shirley Fernandez Aragon; Veronica Valdiris Avila.
260 _aCartagena de Indias :
_bCorporación Universitaria Rafael Núñez,
_c2017.
504 _aTrabajo de grado (Enfermera). Corporacion Universitaria Rafael Nuñez. Facultad de Ciencias de la Salud. Enfermeria, 2021.
520 _aIntroduccion: Creencia es la.
650 0 _aEnfermeria
_xTesis y disertaciones academicas.
700 1 _aCuadro Berdugo, Diana Del Carmen.
700 1 _aJimenez Perez, Jaidith Mercedes.
700 1 _aRivas Barrios, Deidis Rocio.
700 1 _aFernandez Aragon, Shirley.
700 1 _aValdiris Avila, Veronica,
_cAsesora.
856 _uhttps://unicurn.sharepoint.com/:b:/s/biblioteca/EUS0K3lYsoREgQI8143ruPIBgbq_Ya0to2VelPn46PWY_Q?e=qCPdLD
_zClick aqui para ver el recurso en texto completo
942 _hENF 2017
_iC961
_2ddc
_cTG
999 _c3971
_d3971